Music Quiz

Random Music or Bands Quiz
Score 0/55 Timer 06:00
5 Plays Today
% Correct
Surfin' U.S.A.
95.9%
California Girls
95%
Good Vibrations
94.9%
Every Breath You Take
93.6%
Surfin' Safari
91.2%
Don't Stop Believin'
90.9%
Barbara Ann
89.8%
Wouldn't It Be Nice
89.7%
Roxanne
89.5%
I Get Around
89.3%
Don't Stand So Close to Me
87.8%
Message in a Bottle
87.7%
Fun, Fun, Fun
87.4%
Every Little Thing She Does Is Magic
86.7%
Enter Sandman
85.8%
Barracuda
81.3%
Pour Some Sugar on Me
79%
Master of Puppets
78.2%
Cold as Ice
76.8%
Any Way You Want It
76.7%
I Want to Know What Love Is
76%
For Whom the Bell Tolls
73%
The Boys Are Back in Town
72.7%
God Only Knows
72.1%
Fade to Black
71.8%
Feels Like the First Time
71.7%
Sloop John B
71.7%
White Rabbit
71.3%
% Correct
Crazy on You
70.4%
...And Justice for All
69.6%
Seek & Destroy
69.4%
Nothing Else Matters
67.2%
Faithfully
64.9%
Can't Stand Losing You
64.7%
Juke Box Hero
64.4%
Walking on the Moon
64.1%
Rock of Ages
63.4%
Double Vision
62.9%
Hysteria
62.3%
Magic Man
62.1%
Wheel in the Sky
61.8%
Lovin', Touchin', Squeezin'
61.7%
King of Pain
59.5%
Photograph
58.6%
Separate Ways (Worlds Apart)
58.4%
These Dreams
57.5%
Love Bites
56.6%
One
55.9%
Somebody to Love
54.4%
For What It's Worth
51.6%
Head Games
51.5%
Invisible Sun
48.5%
Jailbreak
48.1%
Lights
41.8%
Volunteers
31.6%
Remove Ads.
Support Sporcle.
Get the best of Sporcle when you Go Orange. This ad-free experience offers more features, more stats, and more fun while also helping to support Sporcle. Thank you for becoming a member.

You're not logged in!

Compare scores with friends on all Sporcle quizzes.
OR
Log In

Show Comments

Extras

Top Quizzes Today


Score Distribution

Your Account Isn't Verified!

In order to create a playlist on Sporcle, you need to verify the email address you used during registration. Go to your Sporcle Settings to finish the process.

Report this User

Report this user for behavior that violates our Community Guidelines.

Details: